| 000 | 01808nam a2200277Ia 4500 | ||
|---|---|---|---|
| 999 |
_c43705 _d43705 |
||
| 001 | 10446 | ||
| 003 | GE_BSU | ||
| 005 | 20240617154441.0 | ||
| 008 | 181216s2014||||ge |||||||||||||| ||geo|| | ||
| 040 | _cGE_BSU | ||
| 041 | _ageo | ||
| 080 | _a338.48(063) ტ–92 | ||
| 245 |
_aტურიზმი ეკონომიკა და ბიზნესი : V საერთაშორისო სამეცნ.-პრაქტ. კონფერენცია, ბათუმი - ხიხანის ხეობა, 5-6 ივლისი, 2014 : _bპროგრამა / _cბათუმის შოთა რუსთაველის სახელმწ. უნ-ტი, ტურიზმის ფაკ-ტი, აჭარის არ ტურიზმისა და კურორტების დეპარტამენტი. |
||
| 264 |
_aბათუმი : _c2014. |
||
| 300 |
_a34 გვ. ; _c20 სმ. |
||
| 500 | _a | ||
| 653 | _aტურიზმი | ||
| 653 | _aეკონომიკა და ბიზნესი | ||
| 700 |
_aყორღანაშვილი, ლ. (ლარისა) _eავტორი _922451 |
||
| 700 |
_aაბესაძე, ნ. (ნინო) _eავტორი _922452 |
||
| 700 |
_a ბეჟანიშვილი, ა. (ანი) _eავტორი _922453 |
||
| 700 |
_aქინქლაძე, რ. (რუსუდან) _eავტორი _922454 |
||
| 710 |
_aბათუმის შოთა რუსთაველის სახელმწ. უნ-ტი _bტურიზმის ფაკ-ტი _91536 |
||
| 710 |
_aაჭარის არ ტურიზმისა და კურორტების დეპარტამენტი _91536 |
||
| 942 |
_cBK _2udc |
||